Score 0/26 Timer 04:00
0 Plays Today
Hint Missing Word % Correct
--
100%
Ferris Bueller's _____ OffDay
97.2%
My Big Fat _____ WeddingGreek
96.9%
_____ AloneHome
96%
About Last _____Night
95.3%
Planes, Trains & _____Automobiles
95.2%
The Whole Nine _____Yards
94.9%
National Lampoon's Christmas _____Vacation
93.1%
A _____ of Their OwnLeague
91.6%
_____ BusinessRisky
90.2%
Never Been _____Kissed
89.6%
The _____ BrothersBlues
88.8%
_____ Than FictionStranger
88.1%
Hint Missing Word % Correct
_____ BuckUncle
88.1%
What _____ WantWomen
87.5%
Dick _____Tracy
83.8%
Road to _____Perdition
79.2%
John _____Q
77.3%
Bugsy _____Malone
75.7%
_____ PeopleOrdinary
75.3%
Public _____Enemies
69%
High _____Fidelity
66.7%
_____ Llewyn DavisInside
40.6%
The Great _____Ziegfeld
20.8%
I Want Someone to Eat _____ WithCheese
19.4%
_____ NightJudgment
7.3%

Today's Daily Dose

Missing Word
Movies EA - EZ

Word Ladder
Bedtime!

You're not logged in!

Compare scores with friends on all Sporcle quizzes.
OR
Log In

Sporcle TV

Today on Sporcle TV


Watch our educational content, quiz creation guides, and fun videos on Sporcle TV.

Show Comments

Extras

Top Quizzes Today


Score Distribution

Paid Content

Your Account Isn't Verified!

In order to create a playlist on Sporcle, you need to verify the email address you used during registration. Go to your Sporcle Settings to finish the process.

Report this User

Report this user for behavior that violates our Community Guidelines.

Details: